00478nam a2200181 a 4500001001300000003000900013005001700022008004100039020002300080082001700103100001800120245004400138260004100182300000900223500003500232505001000267650001900277nice12345678IN_TiNIC20260116013909.0050524s1995 newa grp 000 0 eng  a8170368 c25000a954.053bBAX aBaxi, Upendra aCrisis and Change in Contemporary India aNew Delhi bSage Publications c1995 a453p aincludes index and biblioraphy2 aIndex aIndia-Politics